| 000 | 00659nam a2200241Ia 4500 | ||
|---|---|---|---|
| 003 | OSt | ||
| 005 | 20220924145730.0 | ||
| 006 | a|||||r|||| 00| 0 | ||
| 007 | ta | ||
| 008 | 220923b |||||||| |||| 00| 0 tel d | ||
| 024 | _a329963 | ||
| 037 | _cTextual | ||
| 040 |
_aARTS _cARTS _btel |
||
| 041 |
_2tel _atel |
||
| 082 | _aO15,1D40w, 35G1.1-.2 | ||
| 100 |
_aSubrah Venkata _9220413 |
||
| 245 | 0 | _aBhoja kadidasa kathalm 2 | |
| 260 | _c1934 | ||
| 650 | _aSANSKRIT LITERATURE | ||
| 700 |
_a Sastry Manya _9220414 |
||
| 942 |
_hO15,1D40w, 35G1.1-.2 _cTEXL _2CC |
||
| 999 |
_c460956 _d460956 |
||